Python Programming (Record no. 7085)

MARC details
000 -LEADER
fixed length control field 00296nam a2200133Ia 4500
008 - FIXED-LENGTH DATA ELEMENTS--GENERAL INFORMATION
fixed length control field 191201s2018 xx 000 0 und d
100 ## - MAIN ENTRY--PERSONAL NAME
Personal name THAREJA, Reema
245 #0 - TITLE STATEMENT
Title Python Programming
250 ## - EDITION STATEMENT
Edition statement 2nd Ed
260 ## - PUBLICATION, DISTRIBUTION, ETC. (IMPRINT)
Name of publisher, distributor, etc Oxford
Date of publication, distribution, etc 2018
300 ## - PHYSICAL DESCRIPTION
Extent 544
650 ## - SUBJECT ADDED ENTRY--TOPICAL TERM
Topical term or geographic name as entry element B.Tech(ECE)
942 ## - ADDED ENTRY ELEMENTS (KOHA)
Source of classification or shelving scheme Dewey Decimal Classification
Koha item type Text Books
Holdings
Withdrawn status Lost status Source of classification or shelving scheme Damaged status Not for loan Collection code Home library Current library Date acquired Source of acquisition Cost, normal purchase price Bill Number Total Checkouts Full call number Acc. no. / Barcode Date last seen Date last borrowed Actual Cost, discounted price Bill Date Koha item type Currency Public note
    Dewey Decimal Classification     B.Tech(CSE) PIET C-LIBRARY PIET C-LIBRARY 21/07/2020 Kirti Prakashan 495.00 IN 4536 6 005.133 THP 31391 27/03/2024 13/03/2024 336.60 14/08/2019 Text Books    
    Dewey Decimal Classification     B.Tech(CSE) PIET C-LIBRARY PIET C-LIBRARY 21/07/2020 Kirti Prakashan 495.00 IN 4536 10 005.133 THP 31392 17/04/2023 03/04/2023 336.60 14/08/2019 Text Books    
    Dewey Decimal Classification     B.Tech(CSE) PIET C-LIBRARY PIET C-LIBRARY 21/07/2020 Kirti Prakashan 495.00 IN 4536 7 005.133 THP 31393 19/06/2025 03/02/2025 336.60 14/08/2019 Text Books    
    Dewey Decimal Classification     B.Tech(CSE) PIET C-LIBRARY PIET C-LIBRARY 21/07/2020 Kirti Prakashan 495.00 IN 4536 10 005.133 THP 31394 27/03/2024 13/03/2024 336.60 14/08/2019 Text Books    
    Dewey Decimal Classification     B.Tech(CSE) PIET C-LIBRARY PIET C-LIBRARY 21/07/2020 Kirti Prakashan 495.00 IN 4536 9 005.133 THP 31395 24/04/2025 15/04/2025 336.60 14/08/2019 Text Books    
    Dewey Decimal Classification     B.Tech(CSE) PIET C-LIBRARY PIET C-LIBRARY 12/03/2024 Amar Hind Book Depot 625.00 8508   005.133 THP 35647 30/03/2024   500.00 12/03/2024 Reference Books In rupees Decentralisation

Design & Developed by: PIET Central Library
R70 Miles Stone Pattikalyana Samalkha Panipat 132102
mail ID :- [email protected], Phone No:- 0180-2569700 Ex.216